| 000 | 00596nam a22001817a 4500 | ||
|---|---|---|---|
| 003 | BD-DhUL | ||
| 005 | 20170516184931.0 | ||
| 008 | 170516s0000 bg ||||| |||| 00| 0 ben c | ||
| 040 |
_aBD-DhUL _cBD-DhUL |
||
| 082 |
_a891.44 _bFAS |
||
| 100 | 1 | _aআবুল ফজল | |
| 245 | 1 | 0 |
_aসাহিত্য সংস্কৃতি ও জীবন / _cআবুল ফজল |
| 260 |
_aঢাকা : _bবইঘর, _c0000 |
||
| 300 |
_a[৮], ৪৯৩পৃ. ; _c২২ সে. মি. |
||
| 650 | 0 | _aবাংলা সাহিত্য | |
| 650 | 0 | _aBangla Literature | |
| 942 |
_2ddc _cBK |
||
| 999 |
_c198030 _d198030 |
||